00000000nam##2200000za#4500
0019.529481
003CaOODSP
00520200401033811
007ta
008150406|1997||||xxc|||||     f|0| 0 fre|d
020 |a0-660-60292-X
040 |aCaOODSP|bfre
041 |aeng
041 |afre
043 |an-cn---
0861 |aBT31-4/6-1997
1101 |aCanada. |bConseil du trésor.
24510|aAffaires indiennes et du Nord Canada et Commission canadienne des affaires polaires
260 |aOttawa - Ontario : |bSecrétariat du Conseil du Trésor du Canada |c1997.
300 |aTexte français, 81p. : |btableaux ; |c28 cm.
4901 |aRapport sur le rendement pour la période se terminant le 31 mars 1997
546 |aBilingue
563 |aCouverture souple
590 |a97-46|b1997-11-14
7760#|tIndian and Northern Affairs Canada and Canadian Polar Commission, performance report for the period ending March 31, 1997 |w(CaOODSP)9.568638
7760#|tAffaires indiennes et du Nord Canada et Commission canadienne des affaires polaires, rapport sur le rendement pour la période se terminant le 31 mars 1997 |w(CaOODSP)9.599910
791 |tIndian and Northern Affairs Canada and Canadian Polar Commission|eeng|w(CaOODSP)9.529480
830#0|aRapport sur le rendement pour la période se terminant le 31 mars 1997.|w(CaOODSP)9.508973